000 00853cam a2200277 4500
008 090401t1997 xxu||||| |||| 00| 0 eng d
020 _a1860811310
035 _a(Sirsi) u77881
041 _aeng
050 _a614.76
100 _aHobbs, G.
245 _aDemonstration of reuse and recycling of materials : BRE energy efficiency office of the future.
260 _aWatford
_bConstruction Research Communications Ltd
_c1997
300 _a6p. : ill. ; 30cm.
350 _a0
490 _aBRE Information Paper
_vIP 3/97
650 _aBUILT ENVIRONMENT-BUILDING MATERIALS
650 _aRECYCLING OF BUILDING MATERIALS
650 _aRECYCLING
650 _aWASTE MANAGEMENT
690 _aBUILT ENVIRONMENT-BUILDING MATERIALS
700 _aCollins, R.
710 _aBuilding Research Establishment
942 _n0
948 _c23/04/1997
999 _c96370
_d96370